La vida en el reventón /
Esta obra busca ser una radiografía de los hábitos, lugares, códigos secretos y claves del mundo nocturno juvenil de las grandes ciudades mexicanas, en particular de la ciudad de México. La autora complementa el texto con reflexiones sobre el consumo desmedido del alcohol, las drogas; así como de la...
Uloženo v:
| Hlavní autor: | |
|---|---|
| Médium: | Kniha |
| Jazyk: | španělština |
| Vydáno: |
México :
Promexa,
2002, c2002
|
| Edice: | (Escuela para Padres)
|
| Témata: | |
| Tagy: |
Žádné tagy, Buďte první, kdo vytvoří štítek k tomuto záznamu!
|
MARC
| LEADER | 00000nam^a2200000^a^4500 | ||
|---|---|---|---|
| 001 | 000143993 | ||
| 005 | 20250521000000.0 | ||
| 009 | 20260310095742.428 | ||
| 020 | |a 970-24-0384-7 | ||
| 037 | |a Acervo ITESO - Biblioteca | ||
| 041 | |a ESP | ||
| 082 | |a 306. 40972532 |b VAL | ||
| 100 | |a Valle, Trixia |e (autor) | ||
| 245 | 1 | 3 | |a La vida en el reventón / |c T. Valle. |
| 264 | 4 | |a México : |b Promexa, |c 2002, c2002 | |
| 300 | |a 392 p. | ||
| 336 | |a texto |b txt |2 rdacontenido | ||
| 337 | |a sin mediación |b n |2 rdamedio | ||
| 338 | |a volumen |b nc |2 rdasoporte | ||
| 440 | 1 | |a (Escuela para Padres) | |
| 520 | |a Esta obra busca ser una radiografía de los hábitos, lugares, códigos secretos y claves del mundo nocturno juvenil de las grandes ciudades mexicanas, en particular de la ciudad de México. La autora complementa el texto con reflexiones sobre el consumo desmedido del alcohol, las drogas; así como de las relaciones sexuales, los desórdenes alimenticios, el materialismo y el consumismo, entre otros temas. | ||
| 649 | |a XX | ||
| 650 | |a Adolescentes - |x Condiciones Sociales y Culturales | ||
| 650 | |a Adolescentes - |x Condiciones Psicológicas | ||
| 650 | |a Jóvenes - |x Condiciones Sociales y Culturales | ||
| 650 | |a Jóvenes - |x Condiciones Sociales y Culturales | ||
| 650 | |a Bares y Centros Nocturnos - |z México (Ciudad) | ||
| 650 | |a Fiestas de Vida Cotidiana - |z México | ||
| 650 | |a Imagen Personal | ||
| 650 | |a Vestido - |z México | ||
| 650 | |a Moda - |z México - |x Historia | ||
| 650 | |a Drogadicción - |z México | ||
| 650 | |a SIDA - |z México | ||
| 650 | |a Alcoholismo - |z México | ||
| 650 | |a Promiscuidad - |z México | ||
| 650 | |a Sexualidad - |z México | ||
| 650 | |a Prácticas Culturales - |z México | ||
| 650 | |a Autoconcepto | ||
| 650 | |a Prácticas Culturales - |z México | ||
| 650 | |a Problemas Sociales - |z México | ||
| 650 | |a Cultura Urbana - |z México | ||
| 650 | |a Cambios Sociales y Culturales - |z México - |x Historia - |y 1990-1999 | ||
| 650 | |a Cambios Sociales y Culturales - |z México - |x Historia - |y Siglo XX | ||
| 650 | |a México - |x Historia - |y 1990-1999 | ||
| 650 | |a Sociología Urbana | ||
| 650 | |a Sociología de la Cultura | ||
| 910 | |a Fondo General | ||
| 920 | |a Impresos - Libros | ||
| 930 | |a Colección General | ||
| 905 | |a 101 | ||
| 901 | |a 0500073062 |b IT1 |c ACC |u 20250521 | ||
| 902 | |a https://opac.biblio.iteso.mx/vufind/Record/000143993 | ||